000 01659nam a2200289Ia 4500
001 ebr10142311
003 CaPaEBR
006 m u
007 cr cn|||||||||
008 950731s1996 nyu s 000 0 eng d
010 _z 95038107
020 _z0195096797
040 _aCaPaEBR
_cCaPaEBR
035 _a(OCoLC)567932940
050 1 4 _aE468
_b.M228 1996eb
082 0 4 _a973.7
_220
100 1 _aMcPherson, James M.
245 1 0 _aDrawn with the sword
_h[electronic resource] :
_breflections on the American Civil War /
_cJames M. McPherson.
260 _aNew York :
_bOxford University Press,
_c1996.
300 _axiv, 258 p.
505 0 _a1. Antebellum Southern Exceptionalism: A New Look at an Old Question -- 2. Tom on the Cross -- 3. The War of Southern Aggression -- 4. The War that Never Goes Away -- 5. From Limited to Total War, 1861-1865 -- 6. Race and Class in the Crucible of War -- 7. The Glory Story -- 8. Why Did the Confederacy Lose? -- 9. How the Confederacy Almost Won -- 10. Lee Dissected -- 11. Grant's Final Victory -- 12. A New Birth of Freedom -- 13. Who Freed the Slaves? -- 14. "The Whole Family of Man": Lincoln and the Last Best Hope Abroad -- 15. What's the Matter with History?
533 _aElectronic reproduction.
_bPalo Alto, Calif. :
_cebrary,
_d2009.
_nAvailable via World Wide Web.
_nAccess may be limited to ebrary affiliated libraries.
651 0 _aUnited States
_xHistory
_yCivil War, 1861-1865.
655 7 _aElectronic books.
_2local
710 2 _aebrary, Inc.
856 4 0 _uhttp://site.ebrary.com/lib/rucke/Doc?id=10142311
_zAn electronic book accessible through the World Wide Web; click to view
999 _c196969
_d196969